ბათუმის შოთა რუსთაველის სახელმწიფო უნივერსიტეტის ბიბლიოთეკა

Scientific Writing for Students and Young Scientists (ბიბ.ჩანაწერი № 51576)

000 -LEADER
fixed length control field 00662nam a2200241Ia 4500
001 - CONTROL NUMBER
control field 18567
003 - CONTROL NUMBER IDENTIFIER
control field GE_BSU
008 - FIXED-LENGTH DATA ELEMENTS--GENERAL INFORMATION
fixed length control field 181216s||||||||xx |||||||||||||| ||und||
020 ## - INTERNATIONAL STANDARD BOOK NUMBER
International Standard Book Number 9781514289617
040 ## - CATALOGING SOURCE
Transcribing agency GE_BSU
080 ## - UNIVERSAL DECIMAL CLASSIFICATION NUMBER
Universal Decimal Classification number 001.815
100 ## - MAIN ENTRY--PERSONAL NAME
Personal name Orina, Isaac, Dr Alfred.
245 ## - TITLE STATEMENT
Title Scientific Writing for Students and Young Scientists
260 ## - PUBLICATION, DISTRIBUTION, ETC.
Place of publication, distribution, etc. (United States)
260 ## - PUBLICATION, DISTRIBUTION, ETC.
Name of publisher, distributor, etc. ?
260 ## - PUBLICATION, DISTRIBUTION, ETC.
Date of publication, distribution, etc. 2015
300 ## - PHYSICAL DESCRIPTION
Extent 77p;21cm.
653 ## - INDEX TERM--UNCONTROLLED
Uncontrolled term For students and young scientists
653 ## - INDEX TERM--UNCONTROLLED
Uncontrolled term Scientific Writing
653 ## - INDEX TERM--UNCONTROLLED
Uncontrolled term Scientific Writing for Students and Young Scientists
653 ## - INDEX TERM--UNCONTROLLED
Uncontrolled term სამეცნიერო წერა
942 ## - ADDED ENTRY ELEMENTS (KOHA)
Koha item type წიგნი
ეგზემპლარები
Withdrawn status Lost status Damaged status Not for loan Date acquired Barcode Date last seen Price effective from Koha item type
        2018-12-17 47995 2018-12-17 2018-12-17 წიგნი